000 00616nam a2200145 i 4500
001 184322
003 ES-MaACL
005 20230906222149.0
008 150619s1894 sp |||| | spa d
245 0 0 _aFolleto sobre la prórroga solicitada por la Sociedad general del puerto de Pasages [sic]
_b: publicado por acuerdo de la Excma. Diputacíón Provincial de Guipuzcoa.
260 _aSan Sebastián :
_b[s.n.],
_c1894 (
_fImp. de la Provincia)
300 _a28 p. ;
_c22 cm.
610 0 4 _aJunta del Puerto de Pasajes.
_95401
852 _aES-MaACL
_jT-848-F-3
_z.- Enc. en un vol. facticio conservando la enc. original
999 _c184322
_d184322